| 000 | 01020nam a2200277 a 4500 | ||
|---|---|---|---|
| 001 | BRCA_4719 | ||
| 005 | 20190320204758.0 | ||
| 008 | 061010s1939----mx-a######---#000-0#spa-# | ||
| 041 | _aspa | ||
| 044 | _amx | ||
| 050 | 4 |
_aNK4032 _b.C47 3 1939 |
|
| 100 | 1 |
_aCervantes, Enrique A. _9383 |
|
| 245 | 1 | 0 |
_aLoza blanca y azulejo de Puebla _cfotografías y dibujos de Enrique A. Cervantes. |
| 260 |
_aMéxico _bM. Casas _c1939 |
||
| 300 |
_a2 v. _bil. (algunas a color), láminas _c28 cm. |
||
| 500 | _aEstado físico: hojas desprendidas en el tomo primero numerado 1956 | ||
| 500 | _aLa biblioteca tiene 2 ejemplares con el mismo número de inventario | ||
| 500 | _aEjemplares numerados 146 y 1956 de dos mil | ||
| 500 | _aLa biblioteca cuenta además con el vol. 2 donado por Eugenio Sisto ubicado en acervo contemporáneo | ||
| 500 | _aEjemplar igual a A14 y AM74 | ||
| 500 | _aCFG41 | ||
| 650 | 1 | 4 |
_aCerámica _zPuebla, México _911689 |
| 650 | 1 | 4 |
_aCerámica mexicana _911962 |
| 902 | _aGFM | ||
| 942 |
_2lcc _cB |
||
| 999 |
_c4417 _d4417 |
||